[Event "GER-chT U14"]
[Site "Willingen"]
[Date "2022.08.13"]
[Round "1.2"]
[White "Vecera, Fabio"]
[Black "Klein, Maxim"]
[Result "0-1"]
[WhiteElo "1527"]
[BlackElo "1323"]
[PlyCount "70"]
[EventDate "2022.08.13"]
[EventType "team-swiss"]
[EventRounds "7"]
[EventCountry "GER"]
[SourceTitle "EXT 2023"]
[Source "ChessBase"]
[SourceDate "2022.10.05"]
[SourceVersion "1"]
[SourceVersionDate "2022.10.05"]
[SourceQuality "1"]
[WhiteTeam "Leipzig VfB"]
[BlackTeam "Ergolding FC"]
[WhiteTeamCountry "GER"]
[BlackTeamCountry "GER"]

1. Nf3 Nf6 2. c4 c6 3. Nc3 d5 4. d4 e6 5. e3 Nbd7 6. Be2 Bd6 7. Qc2 0-0 8. 0-0 dxc4 9. Bxc4 b5 10. Be2 Qc7 11. b3 e5 12. h3 a6 13. Bb2 c5 14. Rac1 Bb7 15. dxe5 Nxe5 16. Nxe5 Bxe5 17. f4 Bd6 18. Bf3 Rfe8 19. Rcd1 Rad8 20. Qf2 Bxf3 21. Qxf3 Qe7 22. Rfe1 Bb8 23. Kf2 b4 24. Ne2 Ne4+ 25. Kg1 Nd2 26. Qg4 Qxe3+ 27. Kh1 g6 28. Bf6 Ne4 29. Bxd8 Nf2+ 30. Kh2 Nxg4+ 31. hxg4 Bxf4+ 32. Nxf4 Qxf4+ 33. Kh3 Re3+ 34. Rxe3 Qxe3+ 35. Kh2 Qe2 0-1

[Event "GER-chT U14"]
[Site "Willingen"]
[Date "2021.06.26"]
[Round "5.9"]
[White "Klein, Maxim"]
[Black "Bungarten, Jona"]
[Result "0-1"]
[WhiteElo "1436"]
[BlackElo "1843"]
[PlyCount "56"]
[EventDate "2021.06.23"]
[EventType "team-swiss"]
[EventRounds "7"]
[EventCountry "GER"]
[SourceTitle "EXT 2022"]
[Source "ChessBase"]
[SourceDate "2021.10.06"]
[SourceVersion "1"]
[SourceVersionDate "2021.10.06"]
[SourceQuality "1"]
[WhiteTeam "Ergolding FC"]
[BlackTeam "Brackel"]
[WhiteTeamCountry "GER"]
[BlackTeamCountry "GER"]

1. d4 d5 2. c4 e6 3. Nc3 c5 4. e3 Nf6 5. Bd3 Nc6 6. Nge2 Be7 7. 0-0 0-0 8. Bd2 cxd4 9. Nxd4 Nxd4 10. exd4 dxc4 11. Bxc4 Qxd4 12. Qe2 Qg4 13. f3 Qh5 14. Nb5 Bd7 15. Nc3 Rac8 16. Rad1 Qc5+ 17. Be3 Qxc4 18. Qf2 Bc5 19. Bxc5 Qxc5 20. Qxc5 Rxc5 21. Ne4 Nxe4 22. fxe4 Bc6 23. Rd4 Rc2 24. Rb4 Rd8 25. e5 Rdd2 26. Rg4 Bxg2 27. Ra4 Bc6 28. Rxa7 h6 0-1